Normal view
MARC view
Entry Personal Name
001 - CONTROL NUMBER
- control field: 27367
003 - CONTROL NUMBER IDENTIFIER
- control field: OSt
005 - DATE AND TIME OF LATEST TRANSACTION
- control field: 20210915154311.0
008 - FIXED-LENGTH DATA ELEMENTS
- fixed length control field: 210915|| aca||aabn | a|a d
040 ## - CATALOGING SOURCE
- Original cataloging agency: OSt
- Transcribing agency: OSt
100 ## - HEADING--PERSONAL NAME
- Personal name: Sugaya, Takuo and Wolitzky, Alexander
670 ## - SOURCE DATA FOUND
- Source citation: Work cat.: (OSt)517628: Sugaya, Takuo and Wolitzky, Alexander , A few bad apples spoil the barrel: An anti-folk theorem for anonymous repeated games with incomplete information
